« Retourner aux résultats de recherche
Tatouages au henné
| Auteur principal: | Mariarita Macchiavelli |
|---|---|
| Support: | Livres |
| Langue: | Francais |
| Publié: |
2001 Plume Paris |
| Genre: |
Documentaire |
| Sujets: | |
| Étiquettes: |
Ajouter
Pas de Tags !
|
| LEADER | 00764nam0a2200193 450 | ||
|---|---|---|---|
| 001 | 16848030 | ||
| 010 | |a 2-84110-153-3 |b Rel. |d 12 | ||
| 100 | |a 20010402d2001 u u0frey01 ba | ||
| 101 | 0 | |a fre | |
| 102 | |a FR | ||
| 200 | 0 | |a Tatouages au henné |f Mariarita Macchiavelli | |
| 207 | 1 | |a | |
| 210 | |a Paris |c Plume |d 2001 | ||
| 215 | |a 96 p. |c ill. en coul. |d 24 x 17 cm | ||
| 330 | |a Propose plus de 50 motifs, du plus simple au plus compliqué, et explique comment préparer soi-même le henné, ainsi que les différentes manières de l'appliquer sur la peau. | ||
| 700 | 0 | |a Macchiavelli |b Mariarita |4 70 | |
| 900 | |a Documentaire | ||
| 901 | |a Accessible au prêt | ||
| 995 | |a Bibliothèque |c Bibliothèque |f 00156006132419 |h 00156006132419 |k 613.4 MAC |o p |q a |r az |e Bibliothèque | ||
